• 首页
  • 本馆介绍
  • 公告通知
  • 最新文献
  • 馆藏检索
  • 电子资源
  • 读者荐购
  • 参考咨询
  • CALIS
  • 我的图书馆
  • 登录
  • 详细信息显示
  • 放入我的书架
  • 预约/预借图书
  • 作者相关作品
  • 分类相关作品
  • 丛书相关作品
  • 出版社相关作品

书目信息

  • 表格格式
  • 工作单格式
  • 卡片格式
题名:
庭院设计
    
 
作者: 詹华山 , 赵海如 , 苏效圣 , 李兰 主编
分册:  
出版信息: 重庆   重庆大学出版社  2025.01
页数: 124页
开本: 26cm
丛书名:
单 册:
中图分类: TU986.2
科图分类:
主题词: 庭院--ting yuan--园林设计--职业教育--教材
电子资源:
ISBN: 978-7-5689-3505-0
 
 
 
 
 
000 01170nam0 2200301 450
001 91013
005 20250816150309.89
010    @a978-7-5689-3505-0@dCNY48.00
100    @a20250218d2025 em y0chiy50 ea
101 0  @achi
102    @aCN@b500000
105    @aak z 000yy
106    @ar
200 1  @a庭院设计@Ating yuan she ji@f主编詹华山 ... [等]
210    @a重庆@c重庆大学出版社@d2025.01
215    @a124页@c图 (部分彩图)@d26cm
300    @a课书房
304    @a题名页题其余责任者: 赵海如, 苏效圣, 李兰
330    @a本书内容包括: 庭院设计基础、项目调研、项目方案策划、项目方案设计、项目工程预算、职业技能大赛 —— 庭院设计。具体内容包括: 庭院的概念 ; 庭院的类型 ; 庭院设计风格 ; 庭院设计空间布局 ; 庭院构成要素 ; 项目调研流程 ; 项目调研案例 —— 入户花园设计等。
333    @a重庆市职业教育学会规划教材 职业教育传媒艺术类专业新形态教材
606 0  @a庭院@Ating yuan@x园林设计@x职业教育@j教材
690    @aTU986.2@v5
701  0 @a詹华山@Azhan hua shan@4主编
701  0 @a赵海如@Azhao hai ru@4主编
701  0 @a苏效圣@Asu xiao sheng@4主编
701  0 @a李兰@Ali lan@4主编
801  0 @aCN@c20250909
905    @a河南城建学院图书馆@dTU986.2@eZ052@f1
    
    庭院设计/主编詹华山 ... [等].-重庆:重庆大学出版社,2025.01
    124页:图 (部分彩图);26cm
    课书房.-使用对象:重庆市职业教育学会规划教材 职业教育传媒艺术类专业新形态教材
    
    ISBN 978-7-5689-3505-0:CNY48.00
    本书内容包括: 庭院设计基础、项目调研、项目方案策划、项目方案设计、项目工程预算、职业技能大赛 —— 庭院设计。具体内容包括: 庭院的概念 ; 庭院的类型 ; 庭院设计风格 ; 庭院设计空间布局 ; 庭院构成要素 ; 项目调研流程 ; 项目调研案例 —— 入户花园设计等。
●
相关链接 在E读中查询图书 在当当中查询图书 在豆瓣中查询图书


正题名:庭院设计     索取号:TU986.2/Z052         预约/预借

序号 登录号 条形码 馆藏地/架位号 状态 备注
1 1624975   216249753   建筑库201/201建筑库 110排2列5层/ [索取号:TU986.2/Z052] 在馆    
河南城建学院图书馆 欢迎您!
大连网信软件有限公司© 版权所有